000
00187 a2200097 4500
001
30916
100
_a
Hus
245
_a
260
_a
Lahore
_b
Maqbool academy
_c
090
_c
20809
_d
20809
942
_a
NUST-CAE
_c
M
_c
12013
999
_c
265989
_d
265989